00619nam a2200169Ia 4500008004100000020001500041041001200056082001600068100001800084245010800102260003200210300000800242650001600250942000700266999001500273952016100288221030s9999 xx 000 0 und d a8187522399 aEnglish a105.23bSal aR. S. Salaria 2aA Modern Approach to Programming in Fortran with Application to Science & Engineeringcby R. S. Salaria bKhanna PubaNew Delhic1999 a426 aBE Computer cBK c4786d4786 pBE 1020g150.00l0o105.23 Salr2024-06-13 00:00:00w2022-10-30yBK003Print4071aMIETLIBbMIETLIBcBL-Second, FL-1, CUP-54, SH-2, R-2d2000-02-1010HBE